[Event "Let's Play Chess!"]
[Site "http://www.queenalice.com/game.php?id=621359"]
[Date "2009.7.19"]
[Round "-"]
[White "magalhaes_br"]
[Black "fabiobulcao"]
[Result "1-0"]
[WhiteElo "1283"]
[BlackElo "1308"]

1. e4 d6 2. h3 e5 3. Nc3 Nf6 4. d3 c6 5. d4 exd4 6. Qxd4 c5 7. Qa4+ Qd7 8. Qc4
Qe6 9. Qa4+ Bd7 10. Qb3 Bc6 11. Be3 Qxb3 12. axb3 Nbd7 13. Nge2 Nb6 14. Nf4
O-O-O 15. Bd3 d5 16. e5 d4 17. Bd2 Re8 18. Bf5+ Bd7 19. O-O-O Bxf5 20. exf6 dxc3
21. bxc3 gxf6 22. g4 Be4 23. Rhe1 Bd6 24. Nh5 Rd8 25. h4 Rhe8 26. Nxf6 Re6 27.
g5 Be5 28. Nxe4 Nd5 29. h5 b6 30. Nf6 Ne7 31. Re2 Nd5 32. Nxh7 a5 33. h6 Rde8
34. c4 Nf4 35. Re4 Ng2 36. b4 axb4 37. Rg4 Rh8 38. Nf6 Rd8 39. Rxg2 Bxf6 40.
gxf6 Rxf6 41. h7 1-0

[Event "Rubens 001"]
[Site "http://www.queenalice.com/game.php?id=628662"]
[Date "2009.8.1"]
[Round "-"]
[White "fabiobulcao"]
[Black "Grandioso"]
[Result "0-1"]
[WhiteElo "1286"]
[BlackElo "1838"]

1. e4 e5 2. Nf3 Nc6 3. d4 exd4 4. Bg5 Be7 5. Bc4 Bxg5 6. h4 Bf6 7. Nbd2 Ne5 8.
Nxd4 Nxc4 9. Nxc4 Ne7 10. Qd3 O-O 11. e5 Re8 12. O-O-O Ng6 13. Rhe1 Bxe5 14. Nf3
Bf4+ 15. Kb1 d6 16. Re2 Bg4 17. Rde1 Qd7 18. Re4 Bf5 19. Qd4 Rxe4 20. Rxe4 Bxe4
21. Qxe4 d5 22. Qd4 b6 23. g3 Qh3 24. a3 Qf1+ 25. Ka2 Qxc4+ 26. b3 Qxd4 27. Nxd4
Be5 28. Nf5 Re8 29. b4 Bc3 30. f3 a5 31. Kb3 axb4 32. axb4 Bf6 33. c3 b5 34. f4
Ne7 35. g4 Nxf5 36. gxf5 Bxh4 0-1

[Event "Let's Play Chess!"]
[Site "http://www.queenalice.com/game.php?id=628669"]
[Date "2009.8.1"]
[Round "-"]
[White "chrysos101"]
[Black "fabiobulcao"]
[Result "1-0"]
[WhiteElo "1797"]
[BlackElo "1268"]

1. d4 Nc6 2. c4 e6 3. e4 d5 4. cxd5 exd5 5. e5 Bb4+ 6. Nc3 Bf5 7. Nf3 Nh6 8. Be2
Ng4 9. h3 Qe7 10. hxg4 Bxg4 11. a3 Bxc3+ 12. bxc3 O-O-O 13. Rb1 a5 14. Qb3 f6
15. Qxb7+ Kd7 16. exf6 gxf6 17. Bf4 Rb8 18. Qxc7+ Ke6 19. Qxc6+ Qd6 20. Qxd6+
1-0

[Event "AUTO-BEG-332"]
[Site "http://www.queenalice.com/game.php?id=628936"]
[Date "2009.8.2"]
[Round "1"]
[White "kly"]
[Black "fabiobulcao"]
[Result "1-0"]
[WhiteElo "1245"]
[BlackElo "1268"]

1. d4 Nc6 2. c3 Nf6 3. f3 d5 4. Nd2 Bf5 5. b4 e6 6. e3 Bd6 7. g4 Bg6 8. Bh3 O-O
9. Ne2 Qd7 10. a4 Rae8 11. O-O Re7 12. b5 Bd3 13. bxc6 Qxc6 14. Nb3 e5 15. Qxd3
e4 16. fxe4 dxe4 17. Qb5 Qxb5 18. axb5 g6 19. Nf4 c6 20. Ba3 Rd8 21. Na5 Rde8
22. Bxd6 Rd7 23. Bc5 cxb5 24. g5 Nd5 25. Bxd7 Re5 26. dxe5 Nxe3 27. Bxe3 1-0

[Event "AUTO-BEG-332"]
[Site "http://www.queenalice.com/game.php?id=628937"]
[Date "2009.8.2"]
[Round "1"]
[White "fabiobulcao"]
[Black "kly"]
[Result "0-1"]
[WhiteElo "1286"]
[BlackElo "1227"]

1. d4 Nf6 2. e4 Nxe4 3. Nc3 d5 4. Bf4 Nc6 5. Bb5 a6 6. Bd3 Bf5 7. Nf3 h6 8. Qe2
g5 9. Be5 f6 10. O-O-O fxe5 11. Nxd5 Qxd5 12. c3 O-O-O 13. Rhe1 g4 14. b3 gxf3
15. gxf3 Nxc3 16. Qc2 Nxd1 17. Kxd1 Nxd4 18. Qc4 Nxf3 19. Re3 b5 20. Qxd5 Rxd5
21. Ke2 Bxd3+ 22. Kd1 Nxh2 23. Kd2 Nf1+ 24. Kc3 Nxe3 25. fxe3 Rc5+ 26. Kb4 e6
27. Ka5 Kb7 0-1

[Event "AUTO-BEG-332"]
[Site "http://www.queenalice.com/game.php?id=628942"]
[Date "2009.8.2"]
[Round "1"]
[White "Los_magos_falkon"]
[Black "fabiobulcao"]
[Result "1-0"]
[WhiteElo "1655"]
[BlackElo "1291"]

1. e4 e5 2. Nf3 Nc6 3. Bb5 f6 4. d4 Bb4+ 5. c3 a6 6. Bxc6 bxc6 7. cxb4 Ne7 8.
dxe5 fxe5 9. Nxe5 d6 10. Nf3 d5 11. e5 Bf5 12. Nc3 Rf8 13. Bg5 Qb8 14. Bxe7 Kxe7
15. Nd4 Qxb4 16. Nxc6+ Ke6 17. Qxd5# 1-0

[Event "AUTO-BEG-332"]
[Site "http://www.queenalice.com/game.php?id=628943"]
[Date "2009.8.2"]
[Round "1"]
[White "fabiobulcao"]
[Black "Los_magos_falkon"]
[Result "0-1"]
[WhiteElo "1278"]
[BlackElo "1671"]

1. d4 d5 2. Nc3 Nf6 3. Nf3 Bf5 4. e4 dxe4 5. Bb5+ c6 6. Ne5 cxb5 7. Bf4 b4 8.
Nb5 a6 9. a3 axb5 10. Qd2 bxa3 11. O-O e6 12. Rae1 Be7 13. Ra1 Ra4 14. b3 Rxd4
15. Qe2 b4 16. Qb5+ Nc6 17. Rfd1 Rxd1+ 18. Rxd1 Qxd1+ 19. Qf1 Qxf1+ 20. Kxf1
Nxe5 21. Bxe5 O-O 0-1

[Event "AUTO-BEG-341"]
[Site "http://www.queenalice.com/game.php?id=655107"]
[Date "2009.9.19"]
[Round "1"]
[White "kre"]
[Black "fabiobulcao"]
[Result "1-0"]
[WhiteElo "1504"]
[BlackElo "1271"]

1. e4 e5 2. Qh5 Nf6 3. Qxe5+ Qe7 4. Qxc7 Na6 5. Qc3 d6 6. a3 Nxe4 7. Qe3 Bf5 8.
d3 d5 9. dxe4 dxe4 10. Ne2 Qe5 11. Ng3 Rd8 12. Qxa7 Bc5 13. Qxb7 O-O 14. Qxa6
1-0

[Event "AUTO-BEG-341"]
[Site "http://www.queenalice.com/game.php?id=655108"]
[Date "2009.9.19"]
[Round "1"]
[White "fabiobulcao"]
[Black "kre"]
[Result "0-1"]
[WhiteElo "1278"]
[BlackElo "1497"]

1. e4 e5 2. Nf3 f6 3. Nc3 c6 4. Bc4 a6 5. d3 d6 6. Be3 b5 7. Bxg8 Rxg8 8. O-O h5
9. Ne2 Bg4 10. c3 Bxf3 11. gxf3 g5 12. d4 Nd7 13. Qd3 d5 0-1

[Event "AUTO-BEG-341"]
[Site "http://www.queenalice.com/game.php?id=655119"]
[Date "2009.9.19"]
[Round "1"]
[White "littlespanish"]
[Black "fabiobulcao"]
[Result "0-1"]
[WhiteElo "1345"]
[BlackElo "1322"]

1. e4 e5 2. Nf3 Nc6 3. Bc4 Nf6 4. d3 Bc5 5. Nc3 d6 6. Bg5 Bg4 7. h3 h5 8. hxg4
Qe7 9. Qe2 O-O-O 10. Nd5 Qe6 11. Nb6+ cxb6 12. Bxe6+ fxe6 13. Bxf6 gxf6 14.
O-O-O hxg4 15. Nh4 Rdg8 0-1

[Event "AUTO-BEG-341"]
[Site "http://www.queenalice.com/game.php?id=655120"]
[Date "2009.9.19"]
[Round "1"]
[White "fabiobulcao"]
[Black "littlespanish"]
[Result "1-0"]
[WhiteElo "1339"]
[BlackElo "1328"]

1. d4 d5 2. Nc3 Nf6 3. Nf3 Nc6 4. Bf4 Bf5 5. e3 e6 6. Bb5 a6 7. Bxc6+ bxc6 8.
Qd2 Bb4 9. O-O Ne4 10. Qd3 Bxc3 11. bxc3 Ng3 12. fxg3 Bxd3 13. cxd3 O-O 14. Rab1
Qf6 15. Bxc7 1-0

[Event "AUTO-BEG-341"]
[Site "http://www.queenalice.com/game.php?id=655125"]
[Date "2009.9.19"]
[Round "1"]
[White "AndreBerton"]
[Black "fabiobulcao"]
[Result "0-1"]
[WhiteElo "1317"]
[BlackElo "1355"]

1. e3 d5 2. Qf3 Nf6 3. Nh3 e5 4. b3 Bg4 5. Qf5 Bxf5 6. Nc3 Bc5 7. Bd3 Qd7 8. Bb5
Nc6 9. Bb2 O-O 10. O-O-O Rad8 11. Na4 Rde8 12. Nxc5 Qd6 13. Ng5 Qxc5 14. c4 Rd8
0-1

[Event "AUTO-BEG-341"]
[Site "http://www.queenalice.com/game.php?id=655126"]
[Date "2009.9.19"]
[Round "1"]
[White "fabiobulcao"]
[Black "AndreBerton"]
[Result "1-0"]
[WhiteElo "1369"]
[BlackElo "1303"]

1. e4 e5 2. Nf3 Nc6 3. Nc3 a6 4. Bc4 h6 5. d3 Qe7 6. Be3 b5 7. Bd5 Nf6 8. O-O
Ng4 9. Bxc6 dxc6 10. Qe2 h5 11. Rad1 Qb4 12. a3 Qxb2 13. Bd2 Qxa3 14. Ra1 1-0

[Event "LIGA"]
[Site "http://www.queenalice.com/game.php?id=688130"]
[Date "2009.11.24"]
[Round "1"]
[White "fabiobulcao"]
[Black "polly"]
[Result "1-0"]
[WhiteElo "1382"]
[BlackElo "1727"]

1. e4 e5 2. Nf3 Nc6 3. Nc3 Nf6 4. Bb5 Bc5 5. O-O h6 6. d3 Nd4 7. Nd5 Nxf3+ 8.
Qxf3 O-O 9. Nxf6+ Qxf6 10. Qxf6 gxf6 11. Bxh6 Rd8 12. Rad1 Kh7 13. Be3 d6 14. d4
exd4 15. Bxd4 Bxd4 16. Rxd4 Be6 17. Bd3 Kg7 18. f4 Rg8 19. f5 Bd7 20. Rf4 Kf8
21. Rd5 Bc6 22. Rd4 Re8 23. Kf1 Rh8 24. h3 Re5 25. Ke1 d5 26. Kd2 dxe4 27. Bxe4
Rg8 28. Rg4 Rh8 29. b4 Bxe4 30. Rgxe4 Rxf5 31. Rd8+ Kg7 32. Rxh8 Kxh8 33. g4
Rf2+ 34. Kd1 f5 35. Re7 fxg4 36. hxg4 Rf4 37. Rxc7 Rxg4 38. Rxb7 Kg7 39. Kc1 Kg6
40. Kb2 a6 41. Kb3 f5 42. Rb6+ 1-0

[Event "AUTO-BEG-308"]
[Site "http://www.queenalice.com/game.php?id=696881"]
[Date "2009.12.12"]
[Round "2"]
[White "fabiobulcao"]
[Black "stephen6"]
[Result "0-1"]
[WhiteElo "1402"]
[BlackElo "1262"]

1. e4 e5 2. Nf3 Nf6 3. Nc3 Bb4 4. Bb5 O-O 5. O-O Re8 6. d3 c6 7. Bc4 b5 8. Bxf7+
Kxf7 9. Ng5+ Kg8 10. a3 Bxc3 11. bxc3 d5 12. Rb1 Bg4 13. f3 Bh5 14. Be3 a5 15.
g4 Bg6 16. Bc5 Re7 17. Bxe7 Qxe7 18. exd5 Nxd5 19. Ne4 Na6 20. Re1 Nc5 21. Nxc5
Qxc5+ 22. d4 Qxa3 23. Rb3 Qe7 24. dxe5 a4 25. Ra3 Rf8 26. Re4 Rxf3 27. Qxf3 Qxa3
28. Rd4 Qc5 29. Kf1 Bxc2 30. e6 a3 31. Ke1 a2 32. g5 a1=Q+ 33. Kd2 Qd1+ 34. Qxd1
Bxd1 35. Kxd1 Nxc3+ 36. Kd2 Nd5 37. Kd3 Qd6 38. Ke4 Qxe6+ 39. Kd3 Qf5+ 0-1

[Event "AUTO-BEG-308"]
[Site "http://www.queenalice.com/game.php?id=696882"]
[Date "2009.12.12"]
[Round "2"]
[White "stephen6"]
[Black "fabiobulcao"]
[Result "1/2-1/2"]
[WhiteElo "1284"]
[BlackElo "1380"]

1. e4 e5 2. Nf3 Nc6 3. d4 exd4 4. Nxd4 Bb4+ 5. c3 d6 6. Bb5 Bd7 7. a4 Nxd4 8.
cxb4 Nxb5 9. axb5 Qf6 10. O-O O-O-O 11. Re1 Bxb5 12. Nc3 Bc4 13. Rxa7 Kb8 14.
Ra5 b6 15. Ra3 b5 16. f4 d5 17. exd5 Ne7 18. Rxe7 Qxe7 19. b3 Bxd5 20. Nxd5 Qe4
21. Ra5 Rxd5 22. Qf1 Rhd8 23. Rxb5+ Rxb5 24. Qxb5+ Kc8 25. Qf1 Rd4 26. b5 Kd8
27. Kf2 Ke8 28. Be3 Rb4 29. Qe2 Rxb3 30. h4 Rxe3 31. Qxe3 Qxe3+ 32. Kxe3 Kd8 33.
g4 Kd7 34. f5 Kd6 35. Ke4 h6 36. g5 h5 37. Kd4 g6 38. fxg6 fxg6 39. Kc4 Kd7 40.
Kc5 Kc8 1/2-1/2

[Event "copa Parana "]
[Site "http://www.queenalice.com/game.php?id=723171"]
[Date "2010.1.31"]
[Round "1"]
[White "fabiobulcao"]
[Black "tche_elvio"]
[Result "0-1"]
[WhiteElo "1410"]
[BlackElo "1604"]

1. e4 e5 2. Nf3 Nf6 3. Nc3 a6 4. Bc4 c6 5. d3 h6 6. Nxe5 d5 7. Nxd5 Nxd5 8. exd5
Bd6 9. Nxc6 bxc6 10. dxc6 Nxc6 11. O-O O-O 12. Bd5 Bb7 13. Re1 Na5 14. Re4 Bxd5
15. Rd4 Be6 16. c4 Nc6 17. Re4 Be5 18. Qa4 Nd4 0-1

[Event "LIGA"]
[Site "http://www.queenalice.com/game.php?id=727741"]
[Date "2010.2.7"]
[Round "2"]
[White "Vladimir"]
[Black "fabiobulcao"]
[Result "1-0"]
[WhiteElo "1758"]
[BlackElo "1412"]

1. d4 d5 2. c4 e6 3. Nc3 Bb4 4. c5 Nf6 5. Bg5 Nc6 6. e3 Ne4 7. Bxd8 Nxc3 8. Qd3
Ne4+ 9. Ke2 e5 10. a3 O-O 11. f3 Bf5 12. fxe4 dxe4 13. Qb5 Raxd8 14. axb4 Bg4+
15. Kf2 exd4 16. Be2 dxe3+ 17. Kxe3 Rd5 18. Bxg4 Rfd8 19. Ne2 Rd2 20. Nc3 Rxb2
21. Rhd1 a6 22. Qxc6 bxc6 23. Rxd8# 1-0